000 00639cam a2200193 i 4500
020 _a0835209210 :
082 _a016.05
_bKAT
100 1 _aKatz, William A.,
_936980
245 1 0 _aMagazines for libraries :
_bfor the general reader, and school, junior college, college, university, and public libraries /
_cBill Katz and Berry G. Richards.
250 _a3d ed.
260 _aNew York :
_bBowker,
_c1978.
300 _axix, 937 p. ;
_c29 cm.
500 _aIncludes index.
526 _a0
_b0
_c0
_d016_050000000000000_KAT
650 0 _aMCE
_9379
650 0 _aPeriodicals
_936981
700 1 _aRichards, Berry G.
_936982
942 _2ddc
_cBK
999 _c541897
_d541897